Avatar- All Named Airbenders - Statistics

General Stats
  • This quiz has been taken 324 times
  • The average score is 13 of 27
Answer Stats
Name % Correct
Avatar Aang
100%
Tenzin
86%
Monk Gyatso
85%
Avatar Roku
82%
Avatar Korra
81%
Avatar Kyoshi
80%
Avatar Yangchen
79%
Jinora
77%
Avatar Kuruk
74%
Bumi
69%
Ikki
69%
Meelo
68%
Avatar Wan
64%
Zaheer
56%
Kai
54%
Opal
37%
Guru Laghima
22%
Sister Ilo
17%
Jinju
11%
Ryu
10%
Daw
9%
Monk Pasang
6%
Monk Tashi
6%
Otaku
6%
Yung
4%
Kuon
3%
Monk Tang Xu
3%
No matching quizzes found
Score Distribution
Percent of People with Each Score
Percentile by Number Answered
Your Score History
You have not taken this quiz